000 00282nam a22001217a 4500
041 _aENG
100 _aBhatia.J.N
245 _aPrinciples Of Indutrial Managment And Book Keeping
260 _aDelhi
_bDhanpat Rai
_c1998
300 _a468
650 _aGAE (15)
856 _uGAE (15)
999 _c2959
_d2959